United Kingdom Landmarks by Picture - Statistics

General Stats
  • This quiz has been taken 53 times
  • The average score is 16 of 30
Answer Stats
Picture Answer % Correct
Big Ben
100%
Stonehenge
95%
Buckingham Palace
93%
Tower Bridge
86%
White Cliffs of Dover
86%
London Eye
82%
The Shard
80%
Giant's Causeway
77%
Hadrian's Wall
77%
Loch Ness
77%
St. Paul's Cathedral
77%
The Beatles Statue
77%
Roman Baths
75%
Edinburgh Castle
64%
Tower of London
61%
Westminster Abbey
48%
Royal Pavilion
41%
Cardiff Castle
39%
Clifton Suspension Bridge
39%
Royal Albert Dock
39%
Windsor Castle
39%
Snowdon
36%
The Kelpies
30%
Titanic Belfast
25%
Scott Monument
23%
Conwy Castle
18%
Glenfinnan Viaduct
14%
Old Man of Storr
9%
Eilean Donan Castle
7%
The Dark Hedges
7%
No matching quizzes found
Score Distribution
Percent of People with Each Score
Percentile by Number Answered
Your Score History
You have not taken this quiz